| 000 | 01150nam a22003857a 4500 | ||
|---|---|---|---|
| 001 | 0011266 | ||
| 003 | KOHA_MİRAKIL | ||
| 005 | 20260207001811.0 | ||
| 007 | ta | ||
| 008 | 091204b2002 tu |||gr||||#||||0|tur | | ||
| 020 | _a9757425362 | ||
| 040 |
_aTR-BiSEU _btur _cTR-BiSEU _erda |
||
| 041 | 0 | _atur | |
| 044 | _ctu | ||
| 050 |
_aHD59 _b.K39 2002 |
||
| 100 | 1 | _aKazancı, Metin. | |
| 245 | 1 |
_aKamuda ve özel kesimde halkla ilişkiler/ _cMetin Kazancı ; Metin Kazancı. |
|
| 250 | _a | ||
| 264 | 1 |
_aAnkara : _bTurhan Kitabevi _c2002 |
|
| 300 | _aX , 364 sayfa; 20 cm. | ||
| 336 |
_ametin _btxt _2rdacontent |
||
| 337 |
_aaracısız _bn _2rdamedia |
||
| 338 |
_acilt _bnc _2rdacarrier |
||
| 490 | 1 |
_a Ekonomik ve Sosyal Araştırmalar ; _v7. |
|
| 500 | _aKaynakça var. | ||
| 650 | 0 |
_aPublic relations. _92668 |
|
| 650 | 0 |
_aPublicity. _927424 |
|
| 650 | 0 |
_aPropaganda. _927425 |
|
| 650 | 0 |
_aPublic opinion. _915824 |
|
| 650 | 0 |
_aPublic administration. _927426 |
|
| 650 | 0 |
_aMass media--Communication. _927427 |
|
| 650 | 0 |
_aAdvertising. _92309 |
|
| 830 | 1 |
_a Ekonomik ve Sosyal Araştırmalar ; _v7. _927428 |
|
| 942 |
_2lcc _cBK |
||
| 999 |
_c11235 _d11235 |
||